00335nam a2200133Ia 4500008004100000020001400041041001200055082001600067100001900083245005800102260002500160300000800185650000800193221030s9999 xx 000 0 und d a007460186 aEnglish a105.23bKha aR. S. Khandpur 0aHandbook Of Analytical Instrumentscby R. S. Khandpur bTMHaNew Delhic1999 a533 aECE